| 000 | 00915 a2200193 4500 | ||
|---|---|---|---|
| 003 | Nust | ||
| 005 | 20221222123254.0 | ||
| 040 | _cNust | ||
| 082 | _a621.384,WIT | ||
| 100 |
_aAlfred T Witts _9105454 |
||
| 245 |
_aThe Superheterodyne receiver / _cAlfred T Witts |
||
| 250 | _a6th ed | ||
| 260 |
_aSir Isaac Pitaman _bLondon _c1944 |
||
| 300 |
_aviii, 208 p _billus _c24 cm |
||
| 505 | _aThe Evolution of the Superheterodyne Receiver (Page-1), Post War Developments (Page-12), The General Principles of Superheterodyyne Reception (Page-22), Problems of the Superheterodyne Receiver (Page-43), Frequency Changing (Page-90), Automatic Volume Control (Page-120), Some Modern Superheterodyne Receivers (Page-138), Maintenance of Supereterodyne Receivers (Page-169), The Television Superheterodyn (Page-182). | ||
| 600 |
_aAlfred T Witts _9105454 |
||
| 650 |
_aThe Superheterodyne receiver _9105455 |
||
| 942 |
_2ddc _cBK |
||
| 999 |
_c183715 _d183715 |
||